<?xml version="1.0" encoding="UTF-8"?>
<record
    xmlns:xsi="http://www.w3.org/2001/XMLSchema-instance"
    xsi:schemaLocation="http://www.loc.gov/MARC21/slim http://www.loc.gov/standards/marcxml/schema/MARC21slim.xsd"
    xmlns="http://www.loc.gov/MARC21/slim">

  <leader>00522nam a22001817a 4500</leader>
  <controlfield tag="003">BDDh-ASL</controlfield>
  <controlfield tag="005">20231015031054.0</controlfield>
  <controlfield tag="008">221222n        b  ||||| |||| 00| 0 a   d</controlfield>
  <datafield tag="040" ind1=" " ind2=" ">
    <subfield code="a">BDDh-ASL</subfield>
    <subfield code="c">BDDh-ASL</subfield>
  </datafield>
  <datafield tag="041" ind1=" " ind2=" ">
    <subfield code="a">ara</subfield>
  </datafield>
  <datafield tag="082" ind1=" " ind2=" ">
    <subfield code="a">297</subfield>
    <subfield code="b">BAA</subfield>
  </datafield>
  <datafield tag="100" ind1="1" ind2=" ">
    <subfield code="a">Bazanati, Ahad </subfield>
    <subfield code="9">6832</subfield>
  </datafield>
  <datafield tag="245" ind1=" " ind2=" ">
    <subfield code="a">Al Hid&#x101;yat ilas Sir&#x101;til Mustaq&#x12B;m : / &#x627;&#x644;&#x647;&#x62F;&#x627;&#x64A;&#x629; &#x627;&#x644;&#x649; &#x627;&#x644;&#x635;&#x631;&#x627;&#x637; &#x627;&#x644;&#x645;&#x633;&#x62A;&#x642;&#x64A;&#x645; </subfield>
  </datafield>
  <datafield tag="260" ind1=" " ind2=" ">
    <subfield code="a">Dhaka : </subfield>
    <subfield code="b">Alexandra S.M Press , </subfield>
  </datafield>
  <datafield tag="300" ind1=" " ind2=" ">
    <subfield code="a">211 p. : </subfield>
    <subfield code="c">25 cm. </subfield>
  </datafield>
  <datafield tag="650" ind1=" " ind2="0">
    <subfield code="a">Islam </subfield>
    <subfield code="9">1652</subfield>
  </datafield>
  <datafield tag="942" ind1=" " ind2=" ">
    <subfield code="2">ddc</subfield>
    <subfield code="c">BK</subfield>
  </datafield>
  <datafield tag="952" ind1=" " ind2=" ">
    <subfield code="0">0</subfield>
    <subfield code="1">0</subfield>
    <subfield code="2">ddc</subfield>
    <subfield code="4">0</subfield>
    <subfield code="7">1</subfield>
    <subfield code="8">NFIC</subfield>
    <subfield code="a">ASL</subfield>
    <subfield code="b">ASL</subfield>
    <subfield code="c">GEN</subfield>
    <subfield code="d">2022-12-22</subfield>
    <subfield code="e">ASB Library Collection</subfield>
    <subfield code="h">A-0082</subfield>
    <subfield code="l">0</subfield>
    <subfield code="o">297 BAA</subfield>
    <subfield code="p">118064</subfield>
    <subfield code="r">2022-12-22 00:00:00</subfield>
    <subfield code="t">C-1</subfield>
    <subfield code="w">2022-12-22</subfield>
    <subfield code="y">BK</subfield>
    <subfield code="z">Y-0000</subfield>
  </datafield>
  <datafield tag="999" ind1=" " ind2=" ">
    <subfield code="c">29806</subfield>
    <subfield code="d">29806</subfield>
  </datafield>
</record>
